Quicola : estudo para um conhecimento do património formal da poesia angolana (Registo nº 201934)

Detalhes MARC
000 -Etiqueta do registo
Valores 00746nam 22002053 4500
010 ## - Número ISBN
ISBN 972-8163-18-5
021 ## - Número do Depósito Legal
Código do país Portugal
Número 125321/98
100 ## - Dados gerais de processamento
Dados gerais 20260423d u||y0pory50 ba
200 ## - Titulo e menção de responsabilidade
Título próprio Quicola : estudo para um conhecimento do património formal da poesia angolana
Informação de outro título os poemas líricos em verso oriundos de Angola e publicados no século XIX no Almanach de lembranças Luso-Brasileiro
Primeira menção de responsabilidade Francisco Soares
210 ## - Publicação
Local de publicação Évora
Nome do editor Pendor
Data de publicação 1998
215 ## - Descrição física 
Paginação / Volumes 270, [6] p.
Outras indicações físicas brochado
Dimensões 23 cm
225 ## - Colecção 
Título próprio da colecção Ao sul
Número de parte ou secção 7
606 ## - Nome comum usado como assunto
ID Autoridade 3661
Palavra de ordem Crítica Literária.Estudos Literários
675 ## - CDU
Notação 82.09
Edição PT
Língua por
700 ## - Autor principal (pessoa individual)
ID Autoridade 17177
Apelido Soares
Nome Francisco Manuel Antunes
801 ## - Fonte de origem
País PT
Agência BMMN
Regras de catalogação RPC
830 ## - Notas gerais do catalogador
Criado por V anda
990 ## - Elementos KOHA
Tipo de documento Livro
Exemplares
Situação do levantamento Biblioteca de origem Código de barras Cota Permissão de empréstimo Tipo de documento Forma de aquisição
  Biblioteca Municipal de Montemor-o-Novo 31333 82.09 SOA|DEP   Livro Compra

Powered by Koha